| 000 | 00965nam a2200205 a 4500 | ||
|---|---|---|---|
| 008 | 120416s1995 ||||||||||||||||| || u | ||
| 020 | _a1858051355 | ||
| 050 | _aHD 58.7 Col | ||
| 100 | _aCole, G. A | ||
| 245 | 1 | 0 |
_aOrganisational behaviour: theory and practice _cby G. A. Cole |
| 246 | _atheory and practice | ||
| 260 |
_aLondon: _bCengage Learning _c1995 |
||
| 300 | _axiii, 381p.: ill. | ||
| 350 | _a0.00 | ||
| 650 | 0 | _aMANAGEMENT | |
| 650 | _aORGANIZATIONAL BEHAVIOUR | ||
| 995 |
_D0.00 _FCBU-MAIN LIBRARY (Kitwe) _H1 _I10.95 _M1 _UDAMAGED _WJun 27, 2006 _ZMain Library Open Access Collection |
||
| 995 |
_FCBU-MAIN LIBRARY (Kitwe) _I0.00 _M3 _UDAMAGED _WOct 1, 2012 _ZMain Library Open Access Collection |
||
| 995 |
_FCBU-MAIN LIBRARY (Kitwe) _I0.00 _M2 _UAVAILABLE _WOct 1, 2012 _ZMain Library Open Access Collection |
||
| 999 |
_c81651 _d81651 |
||